000 00639nam a2200229Ia 4500
003 OSt
005 20220928104311.0
006 a|||||r|||| 00| 0
007 ta
008 220927b |||||||| |||| 00| 0 eng d
024 _a30596
037 _cTextual
040 _aSDCL
_cSDCL
_beng
041 _2eng
_aeng
082 _aL:5.2'N9, N4
100 _aShanmugasundaram Yasodha
_9409904
245 0 _aTheory and practice of health economics in India.
260 _aMadras
_bAllied Publishers
_c1994
300 _a276p.
_ccm.
942 _hL:5.2'N9, N4
_cTEXL
_2CC
999 _c725483
_d725483